Movies Quiz

Random Movies or Director Quiz
Score 0/20 Timer 05:00
0 Plays Today
Gross Movie % Correct
$1,028.2mFinding Dory
84.9%
$1,153.3mCaptain America: Civil War
77.9%
$783.1mDeadpool
77.2%
$745.6mSuicide Squad
70.7%
$415.1mLa La Land
70.1%
$873.3mBatman v Superman: Dawn of Justice
69.2%
$677.6mDoctor Strange
67.9%
$596.3mMoana
66%
$812.3mFantastic Beasts and Where to Find Them
59.1%
$1,053.3mRogue One: A Star Wars Story
58.2%
Gross Movie % Correct
$521.2mKung Fu Panda 3
51.8%
$543.9mX-Men: Apocalypse
48.9%
$1,023.8mZootopia
47.6%
$415.5mJason Bourne
43.1%
$408.6mIce Age: Collision Course
42.1%
$966.6mThe Jungle Book
37.1%
$875.5mThe Secret Life of Pets
31.8%
$578.1mSing
30.4%
$433.7mWarcraft
13.7%
$553.8mThe Mermaid (Mei ren yu)
7.8%
Remove Ads.
Support Sporcle.
Get the best of Sporcle when you Go Orange. This ad-free experience offers more features, more stats, and more fun while also helping to support Sporcle. Thank you for becoming a member.

You're not logged in!

Compare scores with friends on all Sporcle quizzes.
OR
Log In

Show Comments

Extras

Top Quizzes Today


Score Distribution

Your Account Isn't Verified!

In order to create a playlist on Sporcle, you need to verify the email address you used during registration. Go to your Sporcle Settings to finish the process.

Report this User

Report this user for behavior that violates our Community Guidelines.

Details: